000 00299nam a22001217a 4500
008 230627b xxu||||| |||| 00| 0 eng d
082 _a338.1
_bFAO 1998
245 _aThe State of Food and Agriculture 1998
260 _aRome
_bFAO
_c1998
300 _aXXI,371p
440 _x00814539
942 _2ddc
_cBK
999 _c2905
_d2905